| 000 | 00426nam a2200133Ia 4500 | ||
|---|---|---|---|
| 008 | 210430s9999 xx 000 0 und d | ||
| 020 | _a978-0878915620 | ||
| 082 | _a530.138 S7751T | ||
| 100 |
_aThe editors of REA,S _954005 |
||
| 245 |
_aRea,s problem Solvers Transport Phenomena: Momentum-Energy-Mass / _cThe editors of REA,S |
||
| 260 |
_b Research & Education Association _c1985 |
||
| 300 | _a864 p. | ||
| 942 |
_cBK _2ddc |
||
| 999 |
_c564429 _d564429 |
||